Jazykový audit jako nástroj firemního benchmarkingu
Jazykový audit - hĺbková analýza jazykových kompetencií uchádzača v danom okamihu v súlade so Spoločným európskym referenčným rámcom pre jazyky. Jazykový audit a benchmarking. Jazykové vzdelávanie a motivácia.
Salvato in:
| Autore principale: | |
|---|---|
| Natura: | Capitolo di libro |
| Lingua: | ceco |
| Soggetti: | |
| Tags: |
Nessun Tag, puoi essere il primo ad aggiungerne!!
|
MARC
| LEADER | 00000naa$a2200000$$$4500 | ||
|---|---|---|---|
| 001 | 0082424 | ||
| 005 | 20231113131335.9 | ||
| 041 | 0 | |a cze | |
| 044 | |a CZ | ||
| 245 | 1 | 0 | |a Jazykový audit jako nástroj firemního benchmarkingu |c Ondřej Douša |
| 520 | |a Jazykový audit - hĺbková analýza jazykových kompetencií uchádzača v danom okamihu v súlade so Spoločným európskym referenčným rámcom pre jazyky. Jazykový audit a benchmarking. Jazykové vzdelávanie a motivácia. | ||
| 610 | 2 | 0 | |a jazyky cudzie |
| 610 | 2 | 0 | |a audit |
| 610 | 2 | 0 | |a benchmarking |
| 610 | 2 | 0 | |a vzdelávanie |
| 100 | 1 | |a Douša, Ondřej | |